00635cam a22002171 4500001001300000003000400013005001700017008004100034010001700075035001900092040001700111042001200128050001500140245010400155260003900259300001900298504002600317650002700343710003000370999001700400sa 65004571 DLC20260227112131.0800805s1964 ii b 000 0 eng  asa 65004571  a(OCoLC)6586621 aDLCcIUdDLC apremarc00aHD31b.T6600aTowards greater production & productivity ;ba symposium organised by the Forum of Free Enterprise. aBombay,bPopular Prakashanc[1964] a136 p.c17 cm. aBibliography: p. [68] 0aIndustrial management.2 aForum of Free Enterprise. c63830d63830